书目信息 |
| 题名: |
现代平面构成与应用
|
|
| 作者: | 文卫民 , 李洁 主编 | |
| 分册: | ||
| 出版信息: | 长沙 湖南人民出版社 2006.08 |
|
| 页数: | 112页 | |
| 开本: | 25cm | |
| 丛书名: | 高等学校美术设计专业教学丛书 | |
| 单 册: | ||
| 中图分类: | J215 | |
| 科图分类: | ||
| 主题词: | 平面构成--ping mian gou cheng--高等学校--教材 | |
| 电子资源: | ||
| ISBN: | 7-5438-4354-4 | |
| 000 | 01098nam 2200265 450 | |
| 001 | 012008845020 | |
| 005 | 20080430112016.29 | |
| 010 | @a7-5438-4354-4@dCNY58.00 | |
| 100 | @a20080429d2006 em y0chiy0120 ea | |
| 101 | 0 | @achi |
| 102 | @aCN@b430000 | |
| 105 | @aa z 000yy | |
| 106 | @ar | |
| 200 | 1 | @a现代平面构成与应用@Axian dai ping mian gou cheng yu ying yong@f文卫民, 李洁主编@Fwen wei min,li jie zhu bian |
| 210 | @a长沙@c湖南人民出版社@d2006.08 | |
| 215 | @a112页@c图@d25cm | |
| 225 | 2 | @a高等学校美术设计专业教学丛书@Agao deng xue xiao mei shu she ji zhuan ye jiao xue cong shu |
| 330 | @a平面构成是现代美术设计的基础课程之一,也是艺术科学化的重要标志。由于其应用广泛,极具实用性而备受设计行业的青睐。本书通过对平面构成内容的归类,为读者建立了一个十分清晰的课程结构。书中重点讲述了平面构成的基本原理、要素。 | |
| 410 | 0 | @12001 @a高等学校美术设计专业教学丛书 |
| 606 | 0 | @a平面构成@Aping mian gou cheng@x高等学校@j教材 |
| 690 | @aJ215@v4 | |
| 701 | 0 | @a文卫民@Awen wei min@4主编 |
| 701 | 0 | @a李洁@Ali jie@4主编 |
| 801 | 0 | @aCN@bQSSK@c20080430 |
| 905 | @b299256@dJ215@eW663@f1 | |
| 现代平面构成与应用/文卫民, 李洁主编.-长沙:湖南人民出版社,2006.08 |
| 112页:图;25cm.-(高等学校美术设计专业教学丛书) |
| ISBN 7-5438-4354-4:CNY58.00 |
| 平面构成是现代美术设计的基础课程之一,也是艺术科学化的重要标志。由于其应用广泛,极具实用性而备受设计行业的青睐。本书通过对平面构成内容的归类,为读者建立了一个十分清晰的课程结构。书中重点讲述了平面构成的基本原理、要素。 |
| ● |
| 相关链接 |
|
|
|
正题名:现代平面构成与应用
索取号:J215/W663
 
预约/预借
| 序号 | 登录号 | 条形码 | 馆藏地/架位号 | 状态 | 备注 |
| 1 | 299256 | 202992565 | 自科二线404/309社科库 72排2列3层/ [索取号:J215/W663] | 在馆 |